Fact book on manpower. (Record no. 79707)

MARC details
000 -LEADER
fixed length control field 00616cam a22002171 4500
001 - CONTROL NUMBER
control field sa 68003731
003 - CONTROL NUMBER IDENTIFIER
control field DLC
005 - DATE AND TIME OF LATEST TRANSACTION
control field 20260227112455.0
008 - FIXED-LENGTH DATA ELEMENTS--GENERAL INFORMATION
fixed length control field 710903s1966 ii s 00000 engd
010 ## - LIBRARY OF CONGRESS CONTROL NUMBER
LC control number sa 68003731 //r862
025 ## - OVERSEAS ACQUISITION NUMBER
Overseas acquisition number PL480:I-E-8997
043 ## - GEOGRAPHIC AREA CODE
Geographic area code a-ii---
050 0# - LIBRARY OF CONGRESS CALL NUMBER
Classification number HD5820.G8
Item number G84 1966
082 ## - DEWEY DECIMAL CLASSIFICATION NUMBER
Classification number 331.1/095475
110 10 - MAIN ENTRY--CORPORATE NAME
Corporate name or jurisdiction name as entry element Gujarat (India).
Subordinate unit Bureau of Economics and Statistics.
245 10 - TITLE STATEMENT
Title Fact book on manpower.
260 1# - PUBLICATION, DISTRIBUTION, ETC.
Place of publication, distribution, etc. Ahmedabad
Date of publication, distribution, etc. [1966]
300 ## - PHYSICAL DESCRIPTION
Extent vi, 63 p.
Dimensions 25 cm.
650 #0 - SUBJECT ADDED ENTRY--TOPICAL TERM
Topical term or geographic name entry element Labor supply
Geographic subdivision Gujarat
General subdivision Statistics.
650 #0 - SUBJECT ADDED ENTRY--TOPICAL TERM
Topical term or geographic name entry element Education
Geographic subdivision India
-- Gujarat
General subdivision Statistics.

No items available.

Powered by Koha